Statystyki dla Odpowiedź Zaczyna się na "P"

Kliknij tutaj aby rozwiązać quiz!

Ogólne statystyki

  • Ten quiz został rozwiązany 26 668 razy
    (25 028 od ostatniego zresetowania)
  • Średni wynik to 15 z 25

Statystyki odpowiedzi

PytanieOdpowiedź% Poprawnych
Jakie miasto jest stolicą Województwa Wielkopolskiego?Poznań
97%
Które miasto jest stolicą Francji?Paryż
94%
Jaką nazwę nosi największa planeta karłowata w naszym Układzie Słonecznym?Pluton
89%
Jaką nazwę nosi żółty, najbardziej znany Pokemon?Pikachu
87%
Jaką nazwę nosi jeden z radioaktywnych pierwiastków odkrytych przez Marię Curie Skłodowską?Polon
86%
Jaką nazwę nosi seria konsol do gier video produkowanych przez koncern Sony?PlayStation
83%
Jaką nazwę nosi francuska marka samochodów mająca gryfa w logo?Peugeot
82%
Stolicą jakiego kraju jest Islamabad?Pakistan
78%
Stolicą jakiego państwa jest Lima?Peru
78%
Terytorium którego kraju stanowi Przylądek Roca, najbardziej wysunięty na zachód punkt Europy?Portugalia
78%
Jak miał na nazwisko naczelnik Państwa Polskiego w latach 1918-1922?Piłsudski
75%
Jaką nazwę nosi drużyna piłkarska ze Szczecina?Pogoń
75%
Jaką nazwę nosi pasmo górskie rozciągające się na granicy hiszpańsko-francuskiej?Pireneje
67%
Jaką nazwę nosił rzymskie miasto zniszczone przez wybuch Wezuwiusza?Pompeje
61%
Jaką nazwą określa się wiarę/religię w której występuje wiele bóstw?Politeizm
60%
Jaką nazwę nosi najwyższy stopień w grupie oficerów starszych, niższy od generała?Pułkownik
58%
Jaką wspólną nazwą określa się miasta-państwa w starożytnej Grecji?Polis
56%
Które miasto jest stolicą Korei Północnej?Pjongjang
53%
Jaką nazwę nosi okres zakazu sprzedaży, produkcji, spożywania alkoholu w USA?Prohibicja
50%
Jak miał na nazwisko polski generał, minister wojny i wódz naczelny Wojsk Polskich Księstwa Warszawskiego?Poniatowski
34%
Jaką nazwę nosi część kościoła, w której znajduje się główny ołtarz?Prezbiterium
31%
Jaką nazwę nosi krzywa płaska będąca zbiorem punktów płaszczyzny jednakowo oddalonych od stałego punktu i od stałej prostej?Parabola
24%
Jak miał na nazwisko Amerykański generał czasów drugiej wojny światowej znany jako "Old Blood and Guts"?Patton
22%
Jaką nazwą określa się kapłankę w świątyni Apollina w Delfach, przepowiadająca przyszłość?Pytia
14%
Jaką nazwę nosił religijno-polityczny ruch reformatorski w XVI i XVII w. w Anglii, dążący do przywrócenia Kościołowi anglikańskiemu czystości doktrynalnej w duchu kalwinizmu?Purytanizm
9%

Rozkład punktacji

Percentyl według liczby udzielonych odpowiedzi

Procent ludzi z każdym wynikiem

Twoja historia wyników

Nie rozwiązałeś tego quizu od ostatniego zresetowania